000 00418nam a22001697a 4500
005 20180810105411.0
008 160514b xxu||||| |||| 00| 0 eng d
020 _a81-8054-141-X
041 _aeng
082 _b2165
_a658.3
100 _aDr. C.B. Gupta
_9621
245 _aHuman Resource Management
260 _aNew Delhi
_bSultan Chand & Sons.
_c2004
300 _a1074p,
650 _aManagement
_9241
942 _cBK
999 _c801
_d801